Chemical principles : The quest for insight

Gespeichert in:
Bibliographische Detailangaben
1. Verfasser: Atskin, Peter
Format: Buch
Sprache:Undetermined
Veröffentlicht: New York, NY W. H. Freeman 2004
Schlagworte:
Tags: Tag hinzufügen
Keine Tags, Fügen Sie den ersten Tag hinzu!
Thư viện lưu trữ: Trung tâm Học liệu Trường Đại học Cần Thơ
LEADER 00528nam a2200205Ia 4500
001 CTU_104943
008 210402s9999 xx 000 0 und d
020 |c 77.48 
082 |a 540 
082 |b A873 
100 |a Atskin, Peter 
245 0 |a Chemical principles : 
245 4 |b The quest for insight 
245 0 |c Peter Atskin and Loretta Jones 
260 |a New York, NY 
260 |b W. H. Freeman 
260 |c 2004 
650 |a Chemistry 
904 |i Minh 
980 |a Trung tâm Học liệu Trường Đại học Cần Thơ